Połączone flagi państw - Statystyki

Ogólne statystyki
  • Ten quiz został rozwiązany 10 096 razy
  • Średni wynik to 25 z 32
Statystyki odpowiedzi
Wsjazówka Odpowiedź % Poprawnych
Niemcy
97%
Turcja
95%
Republika Południowej Afryki
94%
Iran
92%
Korea Południowa
92%
Macedonia Północna
92%
Stany Zjednoczone
92%
Bułgaria
90%
Izrael
90%
Arabia Saudyjska
88%
Portugalia
88%
Wietnam
88%
Słowacja
87%
Kuba
83%
Sri Lanka
83%
Armenia
81%
Liban
79%
Tunezja
78%
Angola
76%
Argentyna
75%
Pakistan
75%
Chiny
74%
Etiopia
74%
Tajwan
74%
Czarnogóra
73%
Francja
73%
Kanada
72%
Laos
70%
Papua-Nowa Gwinea
67%
Boliwia
53%
Mauretania
52%
Timor Wschodni
45%
Nie znaleziono quizów pasujących do podanych kryteriów
Rozkład punktacji
Procent ludzi z każdym wynikiem
Percentyl według liczby udzielonych odpowiedzi
Twoja historia wyników
Nie rozwiązałeś tego quizu